Statistiques concernant Culture Générale - Série 2419

Cliquez ici pour prendre le quiz!

Statistiques générales

  • Ce quiz a été pris 108 fois
  • Le résultat moyen est 7 sur 10

Statistiques - réponses

QuestionRéponse% Correct
Quel a été le premier livre publié au monde ?bible
95%
Quel nom porte le détroit entre le Maroc et l'Espagne ?Gibraltar
92%
Choisir quelqu'un, c'est jeter son .... sur cette personnedévolu
91%
Dans quel pays vit l’ornithorynque ? voir photoAustralie
80%
Quel était l’animal préféré des pirates ?perroquet
74%
Quel animal remplace les produits chimiques en mangeant les pucerons ?coccinelle
69%
Quel est le département le moins peuplé de France ?Lozère
48%
De quel champion cycliste populaire, le coureur cycliste néerlandais Mathieu Van der Poel est-il le petit-fils ? prénom et nomRaymond Poulidor
46%
Quelle île au nom d’animal servait de repaire aux pirates ?tortue
44%
Dans quelle ville de l'hémisphère sud trouve-t-on un pont surnommé "le vieux cintre" ?Sydney
18%

Distribution des résultats

Percentile par nombre de réponses

% des personnes avec chaque résultat

Votre développement - résultats

Vous n’avez pas pris ce quiz